Statistics for Countries With The Tallest Women By Continent

Click here to take the quiz!

General Stats

  • This quiz has been taken 24 times
  • The average score is 20 of 30

Answer Stats

cmCountry% Correct
163.3Argentina
94%
163.2Brazil
94%
162.1Chile
88%
171.9Netherlands
88%
162.8Uruguay
88%
162.3Algeria
81%
164.6Australia
81%
164.1New Zealand
81%
166.6Barbados
75%
161.7Suriname
75%
170.1Denmark
69%
170.7Estonia
69%
167.5Grenada
69%
172.1Latvia
69%
161.6Morocco
69%
161.9Tunisia
69%
166.1Antigua and Barbuda
63%
163.5China
63%
168.6Dominica
63%
164.3Fiji
63%
162.6Libya
63%
165.9Saint Lucia
63%
161.8Samoa
56%
164.9Senegal
56%
162.0Tonga
56%
163.1South Korea
44%
163.7Lebanon
38%
171.6Montenegro
38%
162.8North Korea
25%
163.0Georgia
19%

Score Distribution

Percentile by Number Answered

Percent of People with Each Score

Your Score History

You have not taken this quiz